[Event "Mondiale Semilampo 2016"]
[Site "Doha QAT"]
[Date "2016.12.28"]
[Round "13.57"]
[White "Kayumov, Sergey"]
[Black "Neelotpal, Das"]
[Result "1-0"]
[WhiteTitle "GM"]
[BlackTitle "GM"]
[WhiteElo "2505"]
[BlackElo "2463"]
[WhiteFideId "14200880"]
[BlackFideId "5003512"]
[EventDate "2016.12.26"]

1. Nf3 d5 2. b3 Bf5 3. Bb2 e6 4. g3 h6 5. Bg2 Nf6 6. O-O Be7 7. d3 O-O 8. Nbd2
a5 9. a3 c5 10. a4 Bh7 11. Re1 Qc7 12. e4 dxe4 13. dxe4 Nc6 14. e5 Nd5 15. Ne4
Rac8 16. Qe2 Rfd8 17. Rad1 Nd4 18. Nxd4 cxd4 19. Bxd4 Qxc2 20. Rd2 Qxb3 21. Nd6
Rc2 22. Bxd5 exd5 23. e6 Bxd6 24. exf7+ Kxf7 25. Qg4 1-0

[Event "Mondiale Semilampo 2016"]
[Site "Doha QAT"]
[Date "2016.12.28"]
[Round "13.58"]
[White "Gashimov, Sarkhan"]
[Black "Stratonowitsch, Andre"]
[Result "1-0"]
[WhiteElo "2351"]
[BlackElo "2138"]
[WhiteFideId "13400657"]
[BlackFideId "24613959"]
[EventDate "2016.12.26"]

1. d4 f5 2. e4 fxe4 3. Nc3 Nf6 4. Bg5 Nc6 5. d5 Ne5 6. Qd4 Nf7 7. h4 c6 8. O-O-O
Nxd5 9. Nxd5 cxd5 10. Qxd5 Qc7 11. Qxe4 Qe5 12. Qa4 Nxg5 13. hxg5 Qxg5+ 14. f4
Qc5 15. Bb5 Qe3+ 16. Kb1 Qe6 17. Nf3 a6 18. Rhe1 axb5 19. Qxa8 Qc6 20. Nd4 1-0

[Event "Mondiale Semilampo 2016"]
[Site "Doha QAT"]
[Date "2016.12.28"]
[Round "13.59"]
[White "khayat, Abdullah F"]
[Black "Gholami, Aryan"]
[Result "0-1"]
[BlackTitle "IM"]
[WhiteElo "1732"]
[BlackElo "2422"]
[WhiteFideId "21500460"]
[BlackFideId "12513342"]
[EventDate "2016.12.26"]

1. c4 Nf6 2. Nf3 e6 3. g3 b6 4. Bg2 Bb7 5. O-O Be7 6. d3 d5 7. b3 c5 8. Bb2 O-O
9. Nbd2 d4 10. Qc2 Nc6 11. Ne5 Qc7 12. Nxc6 Bxc6 13. Bxc6 Qxc6 14. b4 e5 15. b5
Qd7 16. Ne4 Ne8 17. e3 f5 18. Nd2 f4 19. exf4 exf4 20. Ne4 f3 21. Kh1 Nf6 22.
Nd2 Qh3 23. Rg1 Ng4 24. Nf1 Rf5 25. Qd1 Nxh2 26. Nxh2 0-1

[Event "Mondiale Semilampo 2016"]
[Site "Doha QAT"]
[Date "2016.12.28"]
[Round "14.5"]
[White "Melkumyan, Hrant"]
[Black "Korobov, Anton"]
[Result "1/2-1/2"]
[WhiteTitle "GM"]
[BlackTitle "GM"]
[WhiteElo "2633"]
[BlackElo "2692"]
[WhiteFideId "13302485"]
[BlackFideId "14105730"]
[EventDate "2016.12.26"]

1. Nf3 Nf6 2. c4 g6 3. g3 Bg7 4. Bg2 O-O 5. O-O Nc6 6. d4 a6 7. Nc3 Rb8 8. a4 d6
9. a5 e5 10. dxe5 dxe5 11. Bg5 Be6 12. Nd2 h6 13. Bxf6 Bxf6 14. Nd5 Bg7 15. Ne4
f5 16. Nc5 Bf7 17. Nd7 e4 18. Nxb8 Qxb8 19. e3 Ne5 20. Qc2 Kh7 21. Rfd1 g5 22.
Rab1 Bh5 23. b4 c6 24. Nb6 Bxd1 25. Rxd1 Rd8 26. c5 g4 27. Bf1 h5 28. Be2 h4 29.
Nc4 Nxc4 30. Qxc4 Rxd1+ 31. Bxd1 Qd8 32. Bxg4 fxg4 33. Qxe4+ Kg8 34. Qe6+ Kf8
35. Qxg4 h3 36. Qxh3 Qd1+ 37. Kg2 Qd5+ 38. Kg1 Qd1+ 39. Kg2 Qd5+ 40. Kg1 1/2-1/2

[Event "Mondiale Semilampo 2016"]
[Site "Doha QAT"]
[Date "2016.12.28"]
[Round "14.6"]
[White "Howell, David W L"]
[Black "Aronian, Levon"]
[Result "0-1"]
[WhiteTitle "GM"]
[BlackTitle "GM"]
[WhiteElo "2644"]
[BlackElo "2785"]
[WhiteFideId "410608"]
[BlackFideId "13300474"]
[EventDate "2016.12.26"]

1. e4 e5 2. Nf3 Nc6 3. Bb5 a6 4. Ba4 Nf6 5. O-O Be7 6. Re1 b5 7. Bb3 O-O 8. a4
b4 9. d4 d6 10. dxe5 dxe5 11. Nbd2 Bc5 12. h3 Na5 13. Ba2 Qd6 14. Qe2 Be6 15.
Bxe6 Qxe6 16. Nf1 Nh5 17. Ng5 Qg6 18. Qg4 Rad8 19. Nf3 Rfe8 20. Be3 Bf8 21. b3
Nf6 22. Qxg6 hxg6 23. N3d2 Re6 24. Rac1 Rc6 25. f3 Nh5 26. Kf2 Nf4 27. Red1 Be7
28. Bxf4 exf4 29. Ke2 Bf6 30. Nc4 Rxd1 31. Rxd1 Nxc4 32. bxc4 Rxc4 33. Kd2 c5
34. Rb1 Bc3+ 35. Ke2 Rd4 36. Rd1 Rxd1 37. Kxd1 Kf8 38. Nh2 f5 39. exf5 gxf5 40.
Nf1 Ke7 41. g3 fxg3 42. Nxg3 Ke6 43. f4 c4 44. h4 b3 45. cxb3 cxb3 46. h5 a5 47.
Ne2 Bf6 48. Kd2 Kd5 49. Ng3 Kc4 50. Nxf5 Kb4 51. Ne3 Kxa4 52. Nd5 Bd4 53. Kd3
Ba1 54. f5 Ka3 0-1

[Event "Mondiale Semilampo 2016"]
[Site "Doha QAT"]
[Date "2016.12.28"]
[Round "14.7"]
[White "Bu, Xiangzhi"]
[Black "Yu, Yangyi"]
[Result "0-1"]
[WhiteTitle "GM"]
[BlackTitle "GM"]
[WhiteElo "2705"]
[BlackElo "2729"]
[WhiteFideId "8601445"]
[BlackFideId "8603820"]
[EventDate "2016.12.26"]

1. Nf3 Nf6 2. c4 c5 3. Nc3 e6 4. e3 d5 5. d4 cxd4 6. Nxd4 a6 7. Be2 dxc4 8. Bxc4
Bd6 9. Be2 O-O 10. O-O e5 11. Nb3 e4 12. Nd2 Qc7 13. Ndxe4 Nxe4 14. Nxe4 Bxh2+
15. Kh1 Rd8 16. Qe1 Bf5 17. g3 Bxe4+ 18. Kxh2 Nc6 19. f3 Bd3 20. e4 Bxe2 21.
Qxe2 Nd4 22. Qf2 Ne6 23. Be3 Rd3 24. Rfd1 Qd6 25. Qe2 Rd8 26. Rxd3 Qxd3 27. Qxd3
Rxd3 28. Re1 Nd4 29. Bxd4 Rxd4 30. Re2 h5 31. Kh3 g5 32. Rc2 Rd3 33. Rc5 f6 34.
Rf5 Kf7 35. g4 hxg4+ 36. Kxg4 Ke6 37. Kh5 Rd8 38. Kg6 Rg8+ 39. Kh7 Rf8 40. Kg7
Rf7+ 41. Kg6 Rf8 42. Kg7 Rf7+ 43. Kh6 Rf8 44. Rc5 g4 45. fxg4 Rh8+ 46. Kg7 Rh4
47. g5 fxg5 48. Rxg5 Rxe4 49. Rg6+ Kd7 50. Rb6 Kc7 51. Rb3 Rf4 52. Rc3+ Kb6 53.
Kg6 a5 54. Rc2 Kb5 55. Kg5 Rf1 56. Kg4 Kb4 57. Rc3 b6 58. Kg3 b5 59. Rf3 Rb1 60.
Rf4+ Kc5 61. Rf5+ Kc4 62. b3+ Kb4 63. Kg4 Rg1+ 64. Kh3 Ra1 65. Rf4+ Kc3 66. Rf5
a4 67. Rxb5 a3 68. Kg3 Rxa2 69. Kf3 Rb2 70. Ra5 Rxb3 0-1

[Event "Mondiale Semilampo 2016"]
[Site "Doha QAT"]
[Date "2016.12.28"]
[Round "14.8"]
[White "Anton Guijarro, David"]
[Black "Tomashevsky, Evgeny"]
[Result "1-0"]
[WhiteTitle "GM"]
[BlackTitle "GM"]
[WhiteElo "2650"]
[BlackElo "2716"]
[WhiteFideId "2285525"]
[BlackFideId "4147235"]
[EventDate "2016.12.26"]

1. Nf3 Nf6 2. b3 d5 3. Bb2 Bg4 4. e3 e6 5. d3 Bb4+ 6. Nbd2 c5 7. Be2 Nc6 8. O-O
O-O 9. a3 Ba5 10. c4 Qe7 11. cxd5 exd5 12. Rc1 Bb6 13. h3 Bh5 14. Nh4 Bxe2 15.
Qxe2 Qe6 16. Rfe1 Rfe8 17. Nhf3 Rad8 18. Qd1 Nd7 19. Qc2 Qg6 20. e4 d4 21. Nc4
Bc7 22. b4 cxb4 23. axb4 Nxb4 24. Qb3 a5 25. Bxd4 Nf8 26. Rcd1 Ne6 27. Be3 b5
28. Nce5 Qf6 29. d4 Bxe5 30. Nxe5 Nc5 31. Qb1 Na4 32. Rc1 Rc8 33. Bd2 Qd6 34.
Nf3 Nb6 35. e5 Qe7 36. Ng5 g6 37. Ne4 N6d5 38. Nd6 Rxc1 39. Rxc1 Rb8 40. Rc5 Qe6
41. Qa1 Nd3 42. Rxb5 Rxb5 43. Nxb5 Qf5 44. Qf1 N5b4 45. Nd6 Qe6 46. Bxb4 Nxb4
47. Qb5 Qd5 48. Qe8+ Kg7 49. Qe7 Qe6 50. Ne8+ Kg8 51. Nf6+ Kg7 52. Qc5 Qa2 53.
Nd7 Kh6 54. h4 Qb1+ 55. Kh2 1-0

[Event "Mondiale Semilampo 2016"]
[Site "Doha QAT"]
[Date "2016.12.28"]
[Round "14.16"]
[White "Inarkiev, Ernesto"]
[Black "Jakovenko, Dmitry"]
[Result "1/2-1/2"]
[WhiteTitle "GM"]
[BlackTitle "GM"]
[WhiteElo "2709"]
[BlackElo "2704"]
[WhiteFideId "4162722"]
[BlackFideId "4122356"]
[EventDate "2016.12.26"]

1. Nf3 d5 2. d4 Nf6 3. c4 e6 4. g3 Be7 5. Bg2 O-O 6. O-O dxc4 7. Qc2 a6 8. a4
Bd7 9. Qxc4 Bc6 10. Bg5 Bd5 11. Qc2 Be4 12. Qc1 h6 13. Bxf6 Bxf6 14. Rd1 a5 15.
Nc3 Bxf3 16. Bxf3 c6 17. e3 Na6 18. Ne4 Nb4 19. Qc4 Qe7 20. Rd2 Rfd8 21. Rad1 g6
22. Kg2 Kg7 23. b3 Kg8 24. Nc5 Bg7 25. Be4 Na6 26. Nxb7 Qxb7 27. Bxc6 Qa7 28.
Bxa8 Qxa8+ 29. Kg1 Nb4 30. Rc1 h5 31. h4 Bf8 32. Qe2 1/2-1/2

[Event "Mondiale Semilampo 2016"]
[Site "Doha QAT"]
[Date "2016.12.28"]
[Round "14.17"]
[White "Cheparinov, Ivan"]
[Black "Riazantsev, Alexander"]
[Result "1-0"]
[WhiteTitle "GM"]
[BlackTitle "GM"]
[WhiteElo "2689"]
[BlackElo "2671"]
[WhiteFideId "2905540"]
[BlackFideId "4125029"]
[EventDate "2016.12.26"]

1. d4 Nf6 2. c4 e6 3. Nf3 b6 4. g3 Bb4+ 5. Bd2 Be7 6. Bg2 c6 7. O-O O-O 8. Qc2
d5 9. Rd1 Nbd7 10. b3 Bb7 11. Nc3 a5 12. e4 h6 13. exd5 cxd5 14. Ne5 Rc8 15. Bf4
Nb8 16. Qe2 Na6 17. Rac1 Ba3 18. Rb1 Nc7 19. h3 Ba8 20. Bf3 Bb4 21. Rbc1 Nce8
22. Nb5 Nd6 23. a3 Nxb5 24. axb4 Na7 25. b5 dxc4 26. bxc4 Bxf3 27. Qxf3 Qe7 28.
Kg2 Rfe8 29. Rb1 Nh7 30. Nc6 Qd7 31. Ne5 Qe7 32. h4 Nf6 33. Rd3 Rf8 34. Nc6 Qd7
35. d5 exd5 36. cxd5 Rfe8 37. Bxh6 Ne4 38. Bf4 Nc5 39. Rdd1 Ra8 40. Be3 Nc8 41.
h5 Nd6 42. h6 Qf5 43. Qxf5 Nxf5 44. Bxc5 bxc5 45. b6 Nd4 46. b7 Rab8 47. Nxb8
Rxb8 48. d6 Ne6 49. d7 Nd8 50. Re1 1-0

[Event "Mondiale Semilampo 2016"]
[Site "Doha QAT"]
[Date "2016.12.28"]
[Round "14.18"]
[White "Amonatov, Farrukh"]
[Black "Li, Chao b"]
[Result "1/2-1/2"]
[WhiteTitle "GM"]
[BlackTitle "GM"]
[WhiteElo "2620"]
[BlackElo "2720"]
[WhiteFideId "14700077"]
[BlackFideId "8604436"]
[EventDate "2016.12.26"]

1. e4 e5 2. Nf3 Nf6 3. Nc3 Bb4 4. Nxe5 O-O 5. Nd3 Bxc3 6. dxc3 Nxe4 7. Be2 d6 8.
O-O Nd7 9. Bf3 Ndf6 10. c4 Re8 11. Be3 h6 12. Re1 Bf5 13. Nf4 c6 14. Bd4 Qd7 15.
h3 Re7 16. Bxe4 Nxe4 17. f3 Ng5 18. Nh5 Bg6 19. Nxg7 Rf8 20. h4 Nh3+ 21. gxh3 f6
22. Rxe7 Qxe7 23. h5 Bh7 24. Qd2 Kxg7 25. Kh2 Bf5 26. Rg1+ Kh7 27. Qf4 Bxc2 28.
Rg3 Rg8 29. Rxg8 Kxg8 30. Qxh6 Qe2+ 31. Kg3 Qe1+ 32. Kg2 Qe2+ 33. Kg3 Qe1+ 34.
Kg2 Qe2+ 35. Bf2 Kf7 36. Qf4 Qe6 37. h6 Kg6 38. Be3 Kh7 39. Qg4 Qxg4+ 40. hxg4
Bd3 41. Bxa7 Kxh6 42. Bb8 Bxc4 43. b3 Bd3 44. Bxd6 Bb1 45. a3 Bc2 46. b4 b5 47.
Kg3 Kg6 48. Bc5 Bd1 49. f4 f5 50. g5 Bc2 51. Kf2 Be4 52. Ke3 Bh1 53. Kd4 Bg2 54.
Bd6 Bh1 55. Kc5 Be4 56. Be5 Bf3 57. Bb2 Be4 58. Be5 Bf3 1/2-1/2

[Event "Mondiale Semilampo 2016"]
[Site "Doha QAT"]
[Date "2016.12.28"]
[Round "14.19"]
[White "Bortnyk, Olexandr"]
[Black "Karjakin, Sergey"]
[Result "1/2-1/2"]
[WhiteTitle "GM"]
[BlackTitle "GM"]
[WhiteElo "2581"]
[BlackElo "2785"]
[WhiteFideId "14120828"]
[BlackFideId "14109603"]
[EventDate "2016.12.26"]

1. e4 e5 2. Nf3 Nc6 3. Be2 Nf6 4. d3 d5 5. Nbd2 Bc5 6. O-O O-O 7. a3 a5 8. b3
Re8 9. Bb2 d4 10. h3 h6 11. Re1 Be6 12. Nf1 Nd7 13. Ng3 Bf8 14. Rf1 a4 15. b4
Na7 16. c4 dxc3 17. Bxc3 Nb5 18. Bb2 c5 19. bxc5 Bxc5 20. Qd2 Qb8 21. d4 Nxd4
22. Nxd4 exd4 23. Bxd4 Qd6 24. Rfd1 Qxd4 25. Qxd4 Bxd4 26. Rxd4 Nc5 27. Rb4 Red8
28. Rd1 Rxd1+ 29. Bxd1 Rd8 30. Bxa4 Rd3 31. Ne2 Rxa3 32. Bc2 Bb3 33. Bxb3 Rxb3
34. Rc4 Nd3 35. f3 Rb1+ 36. Kh2 Rb2 37. Nd4 Ne1 38. Kg3 Rxg2+ 39. Kf4 Rg5 40.
Ke3 Ng2+ 41. Kf2 Nf4 42. h4 Rc5 43. Ra4 g6 44. Ra8+ Kg7 45. Rb8 Rc7 46. Kg3 Nd3
47. h5 Rd7 48. Nb3 g5 49. Na5 Nf4 50. Kg4 Rd2 51. Rxb7 Rg2+ 52. Kf5 Nxh5 53. Nc4
Ng3+ 54. Ke5 Rf2 55. Rb3 h5 56. Nd6 Kg6 57. Ne8 g4 58. f4 Nxe4 59. Kxe4 Re2+ 60.
Re3 Rd2 61. Rd3 Re2+ 62. Re3 Ra2 63. Nd6 Ra4+ 64. Ke5 f6+ 65. Ke6 Rxf4 66. Rb3
h4 67. Rb8 h3 68. Rg8+ Kh5 69. Nf5 Ra4 70. Kxf6 Ra6+ 71. Ke5 h2 72. Rh8+ Kg5 73.
Ng3 Ra5+ 74. Ke4 Ra4+ 75. Ke5 Ra5+ 1/2-1/2

[Event "Mondiale Semilampo 2016"]
[Site "Doha QAT"]
[Date "2016.12.28"]
[Round "14.21"]
[White "Volokitin, Andrei"]
[Black "Malakhov, Vladimir"]
[Result "1-0"]
[WhiteTitle "GM"]
[BlackTitle "GM"]
[WhiteElo "2649"]
[BlackElo "2713"]
[WhiteFideId "14107090"]
[BlackFideId "4120787"]
[EventDate "2016.12.26"]

1. e4 e5 2. Nf3 Nc6 3. Bc4 Bc5 4. O-O Nf6 5. d3 d6 6. c3 a6 7. a4 h6 8. Re1 O-O
9. Na3 Bxa3 10. Rxa3 Re8 11. Bb3 Be6 12. Bc2 Ne7 13. h3 Ng6 14. d4 Bd7 15. a5
Bc6 16. d5 Bd7 17. c4 Nh5 18. Kh2 Qf6 19. Ng1 Ngf4 20. Rf1 g5 21. g3 Kh8 22.
gxf4 Nxf4 23. Ba4 Bxa4 24. Qxa4 g4 25. hxg4 Rg8 26. Qd7 Qh4+ 27. Nh3 Rxg4 28.
Rg3 h5 29. Bxf4 exf4 30. Rf3 Rag8 31. Qf5 R8g5 32. Qxf7 Rg2+ 33. Kh1 R5g3 34.
Qf8+ Kh7 35. Qf5+ Rg6 36. Rxf4 Rg4 37. Rf3 Rxe4 38. Rg1 Rg4 39. Re1 Rxc4 40. Re6
Qg4 41. Rxg6 Qxf5 42. Rxf5 Kxg6 43. Rf3 Rb4 44. Rc3 Rxb2 45. Rxc7 Rb5 46. Rd7
Rxa5 47. Rxd6+ Kf5 48. Rb6 Rb5 49. Rxb5 axb5 50. f4 b4 51. Nf2 b3 52. Nd1 1-0

[Event "Mondiale Semilampo 2016"]
[Site "Doha QAT"]
[Date "2016.12.28"]
[Round "14.22"]
[White "Wojtaszek, Radoslaw"]
[Black "Quparadze, Giga"]
[Result "1/2-1/2"]
[WhiteTitle "GM"]
[BlackTitle "IM"]
[WhiteElo "2749"]
[BlackElo "2481"]
[WhiteFideId "1118358"]
[BlackFideId "13602250"]
[EventDate "2016.12.26"]

1. d4 Nf6 2. c4 e6 3. Nf3 Bb4+ 4. Nbd2 b6 5. a3 Bxd2+ 6. Qxd2 Bb7 7. e3 d6 8. b4
O-O 9. Be2 Nbd7 10. O-O Ne4 11. Qc2 f5 12. d5 e5 13. Nd2 Nxd2 14. Bxd2 Qe7 15.
f3 c5 16. dxc6 Bxc6 17. Rad1 Kh8 18. Bc3 Rf6 19. Rf2 Raf8 20. f4 Rg6 21. Bf3
Bxf3 22. Rxf3 Qe6 23. Bb2 Kg8 24. Rff1 Rc8 25. fxe5 Nxe5 26. Bxe5 Qxe5 27. Rxf5
Qxe3+ 28. Kh1 Re6 29. Rdf1 Qe4 30. Qf2 h6 31. Rf4 Qe3 32. Rf8+ Rxf8 33. Qxf8+
Kh7 34. Qf5+ Kh8 35. Qf8+ Kh7 36. Qf5+ Kh8 37. Qf8+ Kh7 38. Qf5+ 1/2-1/2

[Event "Mondiale Semilampo 2016"]
[Site "Doha QAT"]
[Date "2016.12.28"]
[Round "14.23"]
[White "Vidit, Santosh Gujrathi"]
[Black "Onischuk, Vladimir"]
[Result "1-0"]
[WhiteTitle "GM"]
[BlackTitle "GM"]
[WhiteElo "2689"]
[BlackElo "2601"]
[WhiteFideId "5029465"]
[BlackFideId "14114038"]
[EventDate "2016.12.26"]

1. d4 d6 2. Nf3 g6 3. g3 Bg7 4. Bg2 Nf6 5. O-O O-O 6. b3 e5 7. dxe5 dxe5 8. Ba3
Qxd1 9. Rxd1 Re8 10. c4 c6 11. Nc3 Nbd7 12. Ng5 Bf8 13. Bb2 Nc5 14. b4 h6 15.
Nf3 Ncd7 16. b5 e4 17. bxc6 bxc6 18. Nd4 Nb6 19. Rac1 Bb7 20. Nb3 Rac8 21. e3
Ba6 22. Nd2 Bg7 23. Ba1 Nxc4 24. Ndxe4 Nxe4 25. Nxe4 Bxa1 26. Rxa1 Re5 27. Rd7
c5 28. Rxa7 Bb5 29. Rc1 Rd8 30. a4 Be8 31. Nf6+ Kf8 32. Nxe8 1-0

[Event "Mondiale Semilampo 2016"]
[Site "Doha QAT"]
[Date "2016.12.28"]
[Round "14.24"]
[White "Ganguly, Surya Shekhar"]
[Black "Salem, A.R. Saleh"]
[Result "1/2-1/2"]
[WhiteTitle "GM"]
[BlackTitle "GM"]
[WhiteElo "2668"]
[BlackElo "2656"]
[WhiteFideId "5002150"]
[BlackFideId "9301348"]
[EventDate "2016.12.26"]

1. e4 c5 2. Nf3 d6 3. c3 Nf6 4. Be2 Nbd7 5. d3 b6 6. O-O e6 7. Nbd2 Bb7 8. Re1
Be7 9. Bf1 e5 10. d4 cxd4 11. cxd4 exd4 12. Nxd4 O-O 13. b3 Re8 14. Bb2 Bf8 15.
Nf5 g6 16. Ng3 Ne5 17. Nf3 Qe7 18. Nd4 Bh6 19. Ndf5 gxf5 20. Nxf5 Qf8 21. Qxd6
Qxd6 22. Nxd6 Rab8 23. Nxe8 Rxe8 24. f3 Bd2 25. Re2 Bb4 26. Bd4 Nfd7 27. Rc2 Bc5
28. Rd1 Bxd4+ 29. Rxd4 Nc5 30. Bb5 Rb8 31. Kf2 Kf8 32. Rd1 Ke7 33. Ke3 Rg8 34.
b4 Ne6 35. Rdc1 a6 36. Ba4 b5 37. Bb3 Rd8 38. Rd2 Rg8 39. h3 h5 40. f4 Rg3+ 41.
Kf2 Rd3 42. Ke1 Re3+ 43. Kf2 Rd3 44. Ke1 Re3+ 45. Kf2 Rd3 46. Ke1 1/2-1/2

[Event "Mondiale Semilampo 2016"]
[Site "Doha QAT"]
[Date "2016.12.28"]
[Round "14.25"]
[White "Jumabayev, Rinat"]
[Black "Nguyen, Ngoc Truong Son"]
[Result "0-1"]
[WhiteTitle "GM"]
[BlackTitle "GM"]
[WhiteElo "2611"]
[BlackElo "2629"]
[WhiteFideId "13702661"]
[BlackFideId "12401110"]
[EventDate "2016.12.26"]

1. Nf3 d5 2. d4 Nf6 3. c4 e6 4. g3 Bb4+ 5. Bd2 Be7 6. Bg2 O-O 7. O-O c6 8. Qc2
Nbd7 9. b3 b6 10. Rd1 a5 11. Bc3 Ba6 12. Nbd2 b5 13. Bb2 a4 14. c5 b4 15. e4 a3
16. Bc1 dxe4 17. Nxe4 Nxe4 18. Qxe4 Nxc5 19. Qc2 Nd7 20. Qxc6 Be2 21. Re1 Rc8
22. Qb7 Rc7 23. Qe4 Ba6 24. Bf4 Rc3 25. Rac1 Nf6 26. Qb1 Bd3 27. Qa1 Rxc1 28.
Qxc1 Be4 29. Qc4 Qa8 30. Qe2 Rc8 31. Nh4 Bxg2 32. Nxg2 Nd5 33. h4 Qc6 34. Bd2
Bf8 35. Ne3 Nxe3 36. Bxe3 Qe4 37. Rd1 Rc2 38. Rd2 Rc3 39. Qd1 h5 40. Bf4 Qd5 41.
Be3 g6 42. Rc2 Qe4 43. Re2 Qf3 44. Rd2 Qe4 45. Re2 Qc6 46. Kh2 Kh7 47. Bd2 Rc2
48. Be3 Rb2 49. Rd2 Bg7 50. Qe2 Rb1 51. Rd1 Rb2 52. Rd2 Qc1 53. Kg2 Qb1 54. Qf3
Qxa2 55. Rd1 Qxb3 56. d5 exd5 57. Rxd5 a2 58. Qxf7 Qxd5+ 59. Qxd5 a1=Q 0-1

[Event "Mondiale Semilampo 2016"]
[Site "Doha QAT"]
[Date "2016.12.28"]
[Round "14.27"]
[White "Matlakov, Maxim"]
[Black "Akopian, Vladimir"]
[Result "1-0"]
[WhiteTitle "GM"]
[BlackTitle "GM"]
[WhiteElo "2694"]
[BlackElo "2675"]
[WhiteFideId "4168003"]
[BlackFideId "13300032"]
[EventDate "2016.12.26"]

1. d4 Nf6 2. c4 g6 3. g3 Bg7 4. Bg2 O-O 5. Nc3 d6 6. Nf3 Nbd7 7. O-O e5 8. e4
exd4 9. Nxd4 Re8 10. h3 Nc5 11. Re1 Bd7 12. Kh2 a6 13. Rb1 Rb8 14. b4 Ne6 15.
Be3 b5 16. cxb5 Nxd4 17. Bxd4 axb5 18. Kg1 c5 19. bxc5 dxc5 20. Bxc5 Qc8 21. Bd4
Bxh3 22. Qf3 Bxg2 23. Kxg2 b4 24. Bxf6 Bxf6 25. Nd5 Be5 26. Nxb4 Qe6 27. Nd5 Qa6
28. a3 Kg7 29. Rb4 Rxb4 30. axb4 Qc4 31. Re3 Bd4 32. Ra3 h5 33. b5 1-0

[Event "Mondiale Semilampo 2016"]
[Site "Doha QAT"]
[Date "2016.12.28"]
[Round "14.28"]
[White "Moiseenko, Alexander"]
[Black "Leko, Peter"]
[Result "1/2-1/2"]
[WhiteTitle "GM"]
[BlackTitle "GM"]
[WhiteElo "2657"]
[BlackElo "2693"]
[WhiteFideId "14102560"]
[BlackFideId "703303"]
[EventDate "2016.12.26"]

1. d4 Nf6 2. Bg5 d5 3. e3 c5 4. Bxf6 gxf6 5. dxc5 e6 6. c4 dxc4 7. Nd2 c3 8.
bxc3 Bxc5 9. Ngf3 O-O 10. Be2 Be7 11. O-O Nd7 12. Nd4 f5 13. Qc2 Bf6 14. Rfd1
Qe7 15. Rab1 Nc5 16. N2b3 Ne4 17. Bd3 Nd6 18. c4 b6 19. c5 bxc5 20. Nxc5 Bd7 21.
Nxd7 Qxd7 22. Ba6 Rab8 23. Rxb8 Rxb8 24. g3 Rb6 25. Be2 Qb7 26. Bf3 Ne4 27. Nb3
Qc6 28. Qxc6 Rxc6 29. Rd7 Ra6 30. Bxe4 fxe4 31. Nc5 Rxa2 32. Nxe4 Kg7 33. Nd6
Kg6 34. Nxf7 a5 35. Ra7 Bc3 36. Nd6 a4 37. Nb5 Be1 38. Kf1 Bxf2 39. Nc3 Bxe3 40.
Ra6 Ra1+ 41. Ke2 Bd4 42. Nxa4 Kf5 43. Nc5 Rxa6 44. Nxa6 Kg4 45. Nc7 e5 46. Nd5
h6 47. Nf6+ Kf5 48. Nd5 Kg4 49. Nf6+ Kf5 50. Nd5 e4 51. Ne3+ Kg5 52. h3 Bc5 53.
Nd5 Kf5 54. Ne3+ Kg5 55. Nd5 1/2-1/2

[Event "Mondiale Semilampo 2016"]
[Site "Doha QAT"]
[Date "2016.12.28"]
[Round "14.29"]
[White "Adhiban, Baskaran"]
[Black "Naiditsch, Arkadij"]
[Result "1-0"]
[WhiteTitle "GM"]
[BlackTitle "GM"]
[WhiteElo "2666"]
[BlackElo "2687"]
[WhiteFideId "5018471"]
[BlackFideId "4650891"]
[EventDate "2016.12.26"]

1. d4 Nf6 2. Nf3 g6 3. Bg5 Bg7 4. Nbd2 O-O 5. c3 d6 6. e4 Nbd7 7. Bd3 e5 8. O-O
b6 9. a4 a5 10. Bb5 Bb7 11. Re1 c6 12. Bf1 Qc7 13. dxe5 dxe5 14. Nc4 h6 15. Bh4
Ba6 16. Qd6 Qxd6 17. Nxd6 Bxf1 18. Kxf1 Rfb8 19. Nc4 Ne8 20. Red1 Ra7 21. Ne1 f6
22. f3 Bf8 23. Nd3 Kf7 24. Bf2 Ke6 25. b4 axb4 26. Nxb4 Rab7 27. a5 bxa5 28.
Nxa5 Rc7 29. Naxc6 Rbc8 30. Ra6 Kf7 31. Na7 Rb8 32. Nd5 Rcb7 33. Nc6 Rb1 34.
Nxb8 Rxd1+ 35. Ke2 Rxd5 36. exd5 Nxb8 37. Ra7+ Kg8 38. Ra8 1-0

[Event "Mondiale Semilampo 2016"]
[Site "Doha QAT"]
[Date "2016.12.28"]
[Round "14.31"]
[White "Najer, Evgeniy"]
[Black "Lalith, Babu M R"]
[Result "1/2-1/2"]
[WhiteTitle "GM"]
[BlackTitle "GM"]
[WhiteElo "2679"]
[BlackElo "2587"]
[WhiteFideId "4118987"]
[BlackFideId "5024595"]
[EventDate "2016.12.26"]

1. e4 e5 2. Nf3 Nc6 3. Bb5 a6 4. Ba4 Nf6 5. O-O Nxe4 6. d4 b5 7. Bb3 d5 8. dxe5
Be6 9. Be3 Be7 10. c3 O-O 11. Nbd2 Bg4 12. Nxe4 dxe4 13. Qd5 Qxd5 14. Bxd5 exf3
15. Bxc6 fxg2 16. Rfe1 Rad8 17. a4 f6 18. axb5 axb5 19. Ra7 fxe5 20. Rxc7 Bd6
21. Rb7 Rb8 22. Bd5+ Kh8 23. Rxb8 Rxb8 24. Kxg2 h6 25. Ra1 Bf5 26. Ra7 Kh7 27.
Kf3 Rf8 28. Ke2 Rd8 29. Bb6 Bc7 30. Bg8+ Kxg8 31. Rxc7 Rd5 32. b3 Rd7 33. Rc5
Kf7 34. Bc7 Bc2 35. Bxe5 Bxb3 36. f4 Bc4+ 37. Ke3 Ke6 38. Bd4 Rd5 39. Rc6+ Rd6
40. Rc5 Rd5 41. Rc6+ Rd6 42. Rc7 g5 43. Kf3 Kf5 44. fxg5 hxg5 45. Kg3 Re6 46.
Rc5+ Kg6 47. Kf3 Be2+ 48. Kf2 Bc4 49. Be3 Rf6+ 50. Kg3 Rf5 51. Rxf5 1/2-1/2

[Event "Mondiale Semilampo 2016"]
[Site "Doha QAT"]
[Date "2016.12.28"]
[Round "14.32"]
[White "Bindrich, Falko"]
[Black "Zhigalko, Sergei"]
[Result "0-1"]
[WhiteTitle "GM"]
[BlackTitle "GM"]
[WhiteElo "2590"]
[BlackElo "2671"]
[WhiteFideId "4676670"]
[BlackFideId "13502956"]
[EventDate "2016.12.26"]

1. d4 Nf6 2. c4 e6 3. Nc3 Bb4 4. Qc2 O-O 5. Nf3 d5 6. cxd5 exd5 7. Bf4 c5 8.
dxc5 Bxc5 9. e3 Nc6 10. Be2 Be6 11. O-O Rc8 12. Rad1 Be7 13. Ne5 Qa5 14. Bf3
Rfd8 15. Qe2 a6 16. Nxc6 bxc6 17. Be5 Nd7 18. Bg3 Bf6 19. Rc1 Ne5 20. Rfd1 Nxf3+
21. Qxf3 Qb4 22. Qe2 Bg4 23. f3 Bf5 24. Kh1 Re8 25. Qd2 a5 26. b3 h5 27. Bf2 Bg5
28. f4 Be7 29. h3 Qb7 30. Na4 Ba3 31. Ra1 Re6 32. Kh2 Qb5 33. Nc3 Qb7 34. Ne2
Bb4 35. Qb2 Be4 36. Ng3 g6 37. Nxe4 Rxe4 38. Qc2 Rce8 39. Rac1 R8e6 40. Qd3 Qe7
41. Qc2 Ba3 42. Rb1 Bc5 43. Rd3 Bxe3 44. Bxe3 Rxe3 45. Rxe3 Rxe3 46. Rc1 Qh4 47.
Qxc6 Qxf4+ 48. Kh1 Qe4 49. Qc8+ Kg7 50. Rg1 d4 51. Qd7 Re2 52. a3 d3 53. b4 axb4
54. axb4 d2 55. b5 Qe3 56. Rf1 Rf2 57. Rg1 Rf4 0-1